000 00358nam a2200133Ia 4500
003 GCL
008 140319s9999 xx 000 0 ara d
040 _aGCL /
_cGCL
082 0 4 _aط
_b922.1
_bع ا
245 1 0 _aزين العابدين
260 _a[S.N] :
_bدار الكتب الاسلامية ،
_c1990
300 _a15
490 _aاطفال ابطال
_v0
999 _c58054
_d58054